000 00432nam a2200181Ia 4500
001 3428
005 20260306145643.0
008 260306t1998||||xx |||||||||||||| ||spa||
041 _aESP
082 _a276.63
_bG27
100 _aGaspari, Antonio
_eAUT
245 0 _aLos judíos, Pío XII y la leyenda negra
260 _c1998
300 _a242 páginas :
_c21 cm.
650 _aGEN
654 _aCHU
942 _cLIB
_dJUS
_fJUS
_2ddc
_n
999 _c3428
_d3428